000 00665nam a22002417a 4500
003 UA-OsUOA
001 94846
007 ta
008 20130218b un ||||| |||| 00| 0 ukr d
100 _aДиккенс Ч.
090 _a821.111
_bД45
942 _cBK
040 _aUA-OsUOA
_brus
_cUA-OsUOA
_dUA-OsUOA
245 _aСобрание сочинений в тридцати томах
_bроман
_n4
300 _a501 с.
_bІлюстрації
955 _a3
041 _arus
080 _a821.111
260 _aМ.
_bГИХЛ
_c1958
044 _aRU
650 7 _a82 Література. Літературознавство
_2UDC
999 _c381098
_d381098